World Acronyms for Groups of Countries - Statistics

General Stats
  • This quiz has been taken 14 times
  • The average score is 5 of 12
Answer Stats
Hint Answer % Correct
EU European Union
100%
UN United Nations
85%
NATO North Atlantic Treaty Organization
62%
BRICS Brazil Russia India China South Africa
54%
MENA Middle East and North Africa
46%
AU African Union
31%
OAS Organization of American States
31%
CARICOM Caribbean Community
23%
CSTO Collective Security Treaty Organization
8%
GUAM Georgia Ukraine Azerbaijan Moldova
8%
LAS League of Arab States
8%
SEATO Southeast Treaty Organization
0%
No matching quizzes found
Score Distribution
Percent of People with Each Score
Percentile by Number Answered
Your Score History
You have not taken this quiz